Dve kapitoly z práce Hviezdoslavove drámy

Bibliographic Details
Main Author: Trebišovský, Július, 1916-2006 (Author)
Format: Book
Language:Slovak
PhysicalDescription:12 s. 24 cm
Published: Malacky Spolok záhorských akademikov 1942
Subjects:

MARC

LEADER 00000cam a2200000 a 4500
001 vtls008402798
003 SK-MaSNL
005 20260301021126.0
008 250313s1942 xo g 2 000 0 slo
015 |a SNBA19421945-124/2978 
035 |a SK01SNKBKSD220020095015 
035 |a urn:nbn:sk:snk-am3hm4x 
035 |a 82697B82-67E8-4836-931B-C9E1B8F9C3E0 
035 |a urn:nbn:sk:snk-am00d57u 
035 |a SKM000097478 
040 |a SNK  |b slo  |c SNK  |e AACR2 
041 0 |a slo 
044 |a xo  |c SK 
080 |a 82.0  |2 1981 
080 |a 885.4  |2 1981 
080 |a 929 Hviezdoslav, Pavol Országh  |2 1981 
100 1 |a Trebišovský, Július,  |d 1916-2006  |4 aut  |9 38006 
245 1 0 |a Dve kapitoly z práce Hviezdoslavove drámy  |c Július V. Trebišovský 
260 |a Malacky  |b Spolok záhorských akademikov  |c 1942  |e Bratislava  |f Slov. Grafia 
300 |a 12 s.  |c 24 cm 
500 |a Odtlačok zo Sborníka záhorských akademikov 
504 |a Bibliografické odkazy 
600 1 7 |a Hviezdoslav, Pavol Országh,  |d 1849-1921  |2 SNKMA  |9 92721 
650 0 7 |a slovenská literatúra  |2 SNKPH  |9 1115 
655 7 |a separáty  |2 SNKPH  |9 70334 
852 |a Slovenská národná knižnica 
958 |a RK 
958 |a TL 
958 |a LX 
958 |a NB 
958 |a OND 
999 |c 564639  |d 566569 
952 |a SNK  |b SNK  |y VYP  |7 0  |p 17A0320057  |o snkSC 3922/17 D1  |i snkKSF 77/60  |8 5  |0 0  |1 0  |4 0  |d 2024-10-16  |l 0  |r 2026-02-23 13:54:06  |w 2026-02-23 
952 |a SNK  |b SNK  |y PREZ  |7 0  |p 17A0745637  |o snkSC 3922/17  |i snk300/49  |z Kosová-Kolečányi, Mária, 1918-1985 4dnr  |0 0  |1 0  |4 0  |d 2018-10-18  |f 1  |l 0  |r 2025-06-25 00:00:00  |w 2026-02-23